000 00332nam a2200157Ia 4500
008 210210b1966 xxu||||| |||| 00| 0 eng d
041 _aeng
082 _a513/108
100 _aNARAYANAN
245 _aCalculus
260 _aMadras
_b-
_c1966
650 _aCalculus
690 _aCalculus
700 _aPILLAY
906 _a007388
999 _c139879
_d139879